Código Civil. y leyes complementarias. Comentado, anotado y concordado / Tomo 8, artículos 1623 a 1788 bis. :

Guardado en:
Otros Autores: Zannoni, Eduardo A., (coord.)
Formato: Libro
Idioma:Spanish
Publicado: Buenos Aires : Astrea, 2001
Materias:
Etiquetas: Agregar Etiqueta
Sin Etiquetas, Sea el primero en etiquetar este registro!
LEADER 01055nam a22003015a 4500
001 DER.der015567
008 251128s2001####|||||||||||||||||#||spa||
005 20251201133626.0
245 1 0 |a Código Civil.  |n Tomo 8,  |p artículos 1623 a 1788 bis. :  |b y leyes complementarias. Comentado, anotado y concordado /  |c Argentina - Códigos. 
260 |a Buenos Aires :  |b Astrea,  |c 2001 
300 |a 1164 p. 
500 |a Leyes 11.723, 24.193, 24.240, 24.432, 24.441, 24.540, 24.540, 24.779 y 24.830. 
020 |a 9505085265 
700 1 |a Belluscio, Augusto C.,  |e dir. 
700 1 |a Zannoni, Eduardo A.,  |e coord. 
600 0 4 |a Cifuentes Santos 
600 1 4 |a Depalma, Alejandro 
600 1 4 |a Emery, Miguel A. 
600 1 4 |a Farina, Juan María 
600 1 4 |a Kemelmajer de Carlucci, Aída 
600 1 4 |a Mayo, Jorge A. 
600 1 4 |a Molina Quiroga, Eduardo 
600 1 4 |a Orelle, José M. R. 
600 1 4 |a Smith, Juan C. 
600 1 4 |a Viggiola, Lidia 
600 1 4 |a Zannoni, Eduardo A. 
600 1 4 |a Zunino, Jorge O 
859 |a DERECHO  |b BIB. DERECHO  |h 346  |i ARG  |p 000015  |3 Tomo 8